| 000 | 01049cam a2200301 a 4500 | ||
|---|---|---|---|
| 001 | 2940 | ||
| 005 | 20250827092245.0 | ||
| 020 | _a9780545279352 | ||
| 040 |
_aDLC _cDLC _dDLC _beng |
||
| 050 | 0 | 0 |
_aPZ8.3.A957 _b2007 |
| 082 | 0 | 0 | _a808 |
| 100 | 1 | _aAyres, Katherine | |
| 245 | 1 | 0 |
_aUp, down & around / _cKatherine Ayres ; illustrated by Nadine Bernard Westcott. |
| 246 | 3 | _aUp, down and around | |
| 250 | _aFirst published in 2007 | ||
| 260 |
_aNew York : _bScholastic, _c2007 |
||
| 300 |
_a26 unnumbered pages : _bcolor illustrations ; _c28 cm. |
||
| 505 | _aE | ||
| 520 | _aA garden produces a variety of edible plants, such as corn that grows up, onions that grow down, and tomato vines that twine all around. | ||
| 521 |
_a290
_bLexile |
||
| 521 |
_aE
_bRaz-Plus |
||
| 650 | 1 |
_aGardening _vFiction. |
|
| 650 | 1 |
_aEnglish language _xPrepositions _vFiction. |
|
| 650 | 1 | _aStories in rhyme. | |
| 700 | 1 |
_aWestcott, Nadine Bernard _eillustrations ; |
|
| 906 |
_a7 _bcbc _corignew _d1 _eocip _f20 _gy-gencatlg |
||
| 942 |
_2ddc _cBK _n0 |
||
| 999 |
_c2940 _d2940 |
||